Fr. Conceicao Rodrigues College of Engineering

Being Happy (Record no. 28314)

MARC details
000 -LEADER
fixed length control field 00286nam a2200145Ia 4500
082 ## - DEWEY DECIMAL CLASSIFICATION NUMBER
Item number MAT
100 ## - MAIN ENTRY--PERSONAL NAME
Personal name Matthews/Andrews
245 ## - TITLE STATEMENT
Title Being Happy
260 ## - PUBLICATION, DISTRIBUTION, ETC.
Name of publisher, distributor, etc. Embassy Books
Date of publication, distribution, etc. 2015
366 ## - TRADE AVAILABILITY INFORMATION
Publishers's discount category 27
546 ## - LANGUAGE NOTE
Language note ENGLISH
-- Computers
654 ## - SUBJECT ADDED ENTRY--FACETED TOPICAL TERMS
Focus term happy
942 ## - ADDED ENTRY ELEMENTS (KOHA)
Koha item type BOOK
Holdings
Withdrawn status Lost status Damaged status Not for loan Collection Home library Current library Date acquired Source of acquisition Cost, normal purchase price Inventory number Total Checkouts Full call number Barcode Date last seen Cost, replacement price Price effective from Koha item type
        CRC Fr. Agnel's C.Rodrigues College of Engineering Fr. Agnel's C.Rodrigues College of Engineering 17/03/2023 Allied Publisher 255.50 1229 dt 22.12.2015   MAT 23993 17/03/2023 350.00   BOOK